[Event "DEM U14w 2023"]
[Site "Willingen GER"]
[Date "2023.05.30"]
[Round "4"]
[White "Müller, Riyanna"]
[Black "Moldovan, Tatiana"]
[Result "1/2-1/2"]
[Termination "normal"]
[Board "1"]
[WhiteElo "1687"]
[BlackElo "1405"]
[WhiteClock "00:24:40"]
[BlackClock "00:22:38"]
[PlyCount "102"]
[WhiteFideId "16287401"]
[BlackFideId "16287398"]
[EventCountry "GER"]
[EventRounds "9"]
[EventType "swiss"]
[EventDate "2023.05.27"]

1. e4 {[%clk 01:30:57]} {[%emt 00:00:03]} c5 {[%clk 01:30:51]} {[%emt
00:00:10]} 2. Nf3 {[%clk 01:31:22]} {[%emt 00:00:06]} a6 {[%clk 01:31:11]}
{[%emt 00:00:09]} 3. c3 {[%clk 01:31:43]} {[%emt 00:00:08]} d5 {[%clk
01:30:32]} {[%emt 00:01:09]} 4. exd5 {[%clk 01:31:31]} {[%emt 00:00:43]} Qxd5
{[%clk 01:30:50]} {[%emt 00:00:12]} 5. d4 {[%clk 01:31:32]} {[%emt 00:00:29]}
e6 {[%clk 01:30:18]} {[%emt 00:01:02]} 6. Be3 {[%clk 01:31:15]} {[%emt
00:00:47]} cxd4 {[%clk 01:28:57]} {[%emt 00:01:51]} 7. cxd4 {[%clk 01:31:13]}
{[%emt 00:00:31]} Nc6 {[%clk 01:28:22]} {[%emt 00:01:06]} 8. Nc3 {[%clk
01:30:34]} {[%emt 00:01:09]} Qd8 {[%clk 01:26:16]} {[%emt 00:02:35]} 9. Bd3
{[%clk 01:30:20]} {[%emt 00:00:45]} Nf6 {[%clk 01:25:48]} {[%emt 00:00:57]} 10.
a3 {[%clk 01:28:49]} {[%emt 00:02:01]} Be7 {[%clk 01:21:46]} {[%emt 00:04:32]}
11. Ne5 {[%clk 01:27:41]} {[%emt 00:01:38]} Qc7 {[%clk 01:14:01]} {[%emt
00:08:16]} 12. Nxc6 {[%clk 01:13:41]} {[%emt 00:14:30]} Qxc6 {[%clk 01:13:40]}
{[%emt 00:00:51]} 13. O-O {[%clk 01:13:43]} {[%emt 00:00:27]} O-O {[%clk
01:13:16]} {[%emt 00:00:54]} 14. Rc1 {[%clk 01:12:38]} {[%emt 00:01:35]} Qd6
{[%clk 01:06:56]} {[%emt 00:06:50]} 15. Bb1 {[%clk 01:10:19]} {[%emt 00:02:49]}
Rd8 {[%clk 01:00:30]} {[%emt 00:06:56]} 16. Qd3 {[%clk 01:07:29]} {[%emt
00:03:20]} Bd7 {[%clk 00:50:00]} {[%emt 00:11:00]} 17. Bg5 {[%clk 00:58:47]}
{[%emt 00:09:12]} g6 {[%clk 00:49:17]} {[%emt 00:01:14]} 18. Qh3 {[%clk
00:47:09]} {[%emt 00:12:04]} Bc6 {[%clk 00:34:32]} {[%emt 00:15:19]} 19. Rfd1
{[%clk 00:44:47]} {[%emt 00:02:51]} Nh5 {[%clk 00:29:46]} {[%emt 00:05:17]} 20.
Bxe7 {[%clk 00:41:55]} {[%emt 00:03:22]} Qxe7 {[%clk 00:30:01]} {[%emt
00:00:15]} 21. Be4 {[%clk 00:34:34]} {[%emt 00:07:50]} Rac8 {[%clk 00:25:08]}
{[%emt 00:05:24]} 22. d5 {[%clk 00:27:49]} {[%emt 00:07:15]} Nf4 {[%clk
00:21:06]} {[%emt 00:04:32]} 23. Qf3 {[%clk 00:26:50]} {[%emt 00:01:29]} Nxd5
{[%clk 00:21:01]} {[%emt 00:00:35]} 24. Nxd5 {[%clk 00:22:52]} {[%emt
00:04:28]} exd5 {[%clk 00:21:04]} {[%emt 00:00:27]} 25. Bxd5 {[%clk 00:21:48]}
{[%emt 00:01:34]} Bxd5 {[%clk 00:21:08]} {[%emt 00:00:26]} 26. Rxc8 {[%clk
00:21:59]} {[%emt 00:00:19]} Rxc8 {[%clk 00:18:32]} {[%emt 00:03:06]} 27. Qxd5
{[%clk 00:22:22]} {[%emt 00:00:06]} Rc7 {[%clk 00:17:09]} {[%emt 00:01:52]} 28.
Qd3 {[%clk 00:18:15]} {[%emt 00:04:33]} Qc5 {[%clk 00:16:18]} {[%emt 00:01:25]}
29. g3 {[%clk 00:16:06]} {[%emt 00:02:37]} Qc2 {[%clk 00:14:52]} {[%emt
00:01:58]} 30. Qd8+ {[%clk 00:14:41]} {[%emt 00:01:55]} Kg7 {[%clk 00:15:15]}
{[%emt 00:00:08]} 31. Qd4+ {[%clk 00:15:00]} {[%emt 00:00:10]} Kg8 {[%clk
00:15:17]} {[%emt 00:00:29]} 32. Re1 {[%clk 00:14:42]} {[%emt 00:00:47]} Rc8
{[%clk 00:15:19]} {[%emt 00:00:29]} 33. Qb4 {[%clk 00:13:00]} {[%emt 00:02:09]}
b5 {[%clk 00:11:53]} {[%emt 00:03:59]} 34. Qd4 {[%clk 00:09:28]} {[%emt
00:04:00]} Qc7 {[%clk 00:08:47]} {[%emt 00:03:11]} 35. Qf6 {[%clk 00:07:51]}
{[%emt 00:02:33]} Qc6 {[%clk 00:08:51]} {[%emt 00:00:18]} 36. Qd4 {[%clk
00:07:11]} {[%emt 00:01:18]} Qc7 {[%clk 00:08:55]} {[%emt 00:00:27]} 37. a4
{[%clk 00:05:53]} {[%emt 00:01:48]} Qb7 {[%clk 00:07:08]} {[%emt 00:02:18]} 38.
axb5 {[%clk 00:04:06]} {[%emt 00:02:16]} axb5 {[%clk 00:07:22]} {[%emt
00:00:16]} 39. b4 {[%clk 00:04:17]} {[%emt 00:00:19]} Rb8 {[%clk 00:03:00]}
{[%emt 00:04:52]} 40. Qd6 {[%clk 00:02:52]} {[%emt 00:01:54]} Rc8 {[%clk
00:02:39]} {[%emt 00:00:52]} 41. Rd1 {[%clk 00:01:36]} {[%emt 00:01:45]} Re8
{[%clk 00:02:03]} {[%emt 00:01:07]} 42. Qc5 {[%clk 00:29:38]} {[%emt 00:02:19]}
Qf3 {[%clk 00:28:59]} {[%emt 00:03:39]} 43. Ra1 {[%clk 00:27:50]} {[%emt
00:02:18]} Qb7 {[%clk 00:28:27]} {[%emt 00:01:00]} 44. Rc1 {[%clk 00:26:50]}
{[%emt 00:01:36]} Kg7 {[%clk 00:27:43]} {[%emt 00:01:14]} 45. Rd1 {[%clk
00:25:51]} {[%emt 00:01:28]} Kg8 {[%clk 00:27:51]} {[%emt 00:00:24]} 46. Qd5
{[%clk 00:25:03]} {[%emt 00:01:18]} Qb6 {[%clk 00:22:18]} {[%emt 00:05:55]} 47.
Qc5 {[%clk 00:23:31]} {[%emt 00:02:08]} Qxc5 {[%clk 00:21:21]} {[%emt
00:01:28]} 48. bxc5 {[%clk 00:23:53]} {[%emt 00:00:08]} Rc8 {[%clk 00:21:48]}
{[%emt 00:00:03]} 49. Rc1 {[%clk 00:24:07]} {[%emt 00:00:16]} b4 {[%clk
00:22:10]} {[%emt 00:00:09]} 50. Rb1 {[%clk 00:24:16]} {[%emt 00:00:19]} Rxc5
{[%clk 00:22:28]} {[%emt 00:00:14]} 51. Rxb4 {[%clk 00:24:40]} {[%emt
00:00:05]} Rc2 {[%clk 00:22:38]} {[%emt 00:00:20]} 1/2-1/2

[Event "DEM U14w 2023"]
[Site "Willingen GER"]
[Date "2023.05.30"]
[Round "4"]
[White "Lorenz, Veronika"]
[Black "Trunz, Tamila"]
[Result "1-0"]
[Termination "normal"]
[Board "2"]
[WhiteElo "1584"]
[BlackElo "1697"]
[WhiteClock "00:24:05"]
[BlackClock "00:38:05"]
[PlyCount "93"]
[WhiteFideId "16277406"]
[BlackFideId "16267885"]
[EventCountry "GER"]
[EventRounds "9"]
[EventType "swiss"]
[EventDate "2023.05.27"]

1. e4 {[%clk 01:30:58]} {[%emt 00:00:02]} c5 {[%clk 01:30:51]} {[%emt
00:00:09]} 2. Nf3 {[%clk 01:31:23]} {[%emt 00:00:05]} e6 {[%clk 01:31:17]}
{[%emt 00:00:05]} 3. g3 {[%clk 01:31:33]} {[%emt 00:00:20]} Nc6 {[%clk
01:31:20]} {[%emt 00:00:27]} 4. Bg2 {[%clk 01:31:54]} {[%emt 00:00:09]} Nf6
{[%clk 01:31:31]} {[%emt 00:00:19]} 5. Qe2 {[%clk 01:32:16]} {[%emt 00:00:07]}
d5 {[%clk 01:31:51]} {[%emt 00:00:10]} 6. exd5 {[%clk 01:32:32]} {[%emt
00:00:15]} Nxd5 {[%clk 01:32:11]} {[%emt 00:00:09]} 7. O-O {[%clk 01:32:46]}
{[%emt 00:00:17]} Bd6 {[%clk 01:30:51]} {[%emt 00:01:50]} 8. Rd1 {[%clk
01:30:52]} {[%emt 00:02:23]} Qb6 {[%clk 01:29:21]} {[%emt 00:02:01]} 9. b3
{[%clk 01:20:30]} {[%emt 00:10:51]} Bd7 {[%clk 01:24:57]} {[%emt 00:04:54]} 10.
Bb2 {[%clk 01:20:01]} {[%emt 00:00:59]} Nf6 {[%clk 01:23:04]} {[%emt 00:02:24]}
11. Na3 {[%clk 01:07:24]} {[%emt 00:13:06]} Be7 {[%clk 01:00:48]} {[%emt
00:22:47]} 12. d4 {[%clk 01:03:30]} {[%emt 00:04:23]} cxd4 {[%clk 00:47:40]}
{[%emt 00:13:38]} 13. Nc4 {[%clk 01:03:24]} {[%emt 00:00:36]} Qc7 {[%clk
00:46:54]} {[%emt 00:01:16]} 14. Nxd4 {[%clk 01:01:03]} {[%emt 00:02:51]} Nxd4
{[%clk 00:45:40]} {[%emt 00:01:45]} 15. Bxd4 {[%clk 00:48:57]} {[%emt
00:12:36]} O-O {[%clk 00:44:43]} {[%emt 00:01:26]} 16. Be5 {[%clk 00:47:09]}
{[%emt 00:02:17]} Qc8 {[%clk 00:43:51]} {[%emt 00:01:24]} 17. Bd6 {[%clk
00:44:15]} {[%emt 00:03:23]} Bxd6 {[%clk 00:39:06]} {[%emt 00:05:15]} 18. Nxd6
{[%clk 00:43:36]} {[%emt 00:01:10]} Qc7 {[%clk 00:37:28]} {[%emt 00:02:08]} 19.
Bxb7 {[%clk 00:39:40]} {[%emt 00:04:26]} Rad8 {[%clk 00:37:22]} {[%emt
00:00:35]} 20. Bg2 {[%clk 00:36:33]} {[%emt 00:03:37]} e5 {[%clk 00:34:42]}
{[%emt 00:03:11]} 21. Ne4 {[%clk 00:25:34]} {[%emt 00:11:28]} Ne8 {[%clk
00:30:56]} {[%emt 00:04:17]} 22. c4 {[%clk 00:22:37]} {[%emt 00:03:27]} f5
{[%clk 00:29:07]} {[%emt 00:02:19]} 23. Nc3 {[%clk 00:22:38]} {[%emt 00:00:28]}
e4 {[%clk 00:27:06]} {[%emt 00:02:31]} 24. Nd5 {[%clk 00:22:19]} {[%emt
00:00:49]} Qc5 {[%clk 00:26:36]} {[%emt 00:01:00]} 25. Qe3 {[%clk 00:19:15]}
{[%emt 00:03:31]} Qd6 {[%clk 00:18:44]} {[%emt 00:08:25]} 26. Qxa7 {[%clk
00:16:10]} {[%emt 00:03:36]} Nf6 {[%clk 00:18:36]} {[%emt 00:00:36]} 27. Nxf6+
{[%clk 00:16:31]} {[%emt 00:00:10]} Qxf6 {[%clk 00:18:59]} {[%emt 00:00:07]}
28. Qd4 {[%clk 00:15:13]} {[%emt 00:01:48]} Qe7 {[%clk 00:19:19]} {[%emt
00:00:10]} 29. Qd6 {[%clk 00:15:09]} {[%emt 00:00:33]} Qg5 {[%clk 00:18:03]}
{[%emt 00:01:47]} 30. Qd5+ {[%clk 00:08:39]} {[%emt 00:07:00]} Kh8 {[%clk
00:17:57]} {[%emt 00:00:37]} 31. Bxe4 {[%clk 00:03:07]} {[%emt 00:06:02]} Qg4
{[%clk 00:15:58]} {[%emt 00:02:28]} 32. Bf3 {[%clk 00:03:19]} {[%emt 00:00:18]}
Qg6 {[%clk 00:16:17]} {[%emt 00:00:11]} 33. Qc5 {[%clk 00:02:38]} {[%emt
00:01:09]} Qf6 {[%clk 00:16:03]} {[%emt 00:00:47]} 34. Qd4 {[%clk 00:02:42]}
{[%emt 00:00:24]} Qg6 {[%clk 00:16:29]} {[%emt 00:00:05]} 35. Qf4 {[%clk
00:02:58]} {[%emt 00:00:12]} Qf6 {[%clk 00:16:09]} {[%emt 00:00:52]} 36. Rac1
{[%clk 00:02:57]} {[%emt 00:00:30]} Qb2 {[%clk 00:16:00]} {[%emt 00:00:40]} 37.
Qd2 {[%clk 00:03:04]} {[%emt 00:00:23]} Qf6 {[%clk 00:15:59]} {[%emt 00:00:30]}
38. Qc3 {[%clk 00:03:25]} {[%emt 00:00:09]} Qg6 {[%clk 00:15:58]} {[%emt
00:00:32]} 39. Qb4 {[%clk 00:02:04]} {[%emt 00:01:51]} Qh6 {[%clk 00:15:33]}
{[%emt 00:00:55]} 40. Qd6 {[%clk 00:01:43]} {[%emt 00:00:51]} Be6 {[%clk
00:09:31]} {[%emt 00:06:32]} 41. Qxd8 {[%clk 00:25:13]} {[%emt 00:07:01]} Rxd8
{[%clk 00:39:44]} {[%emt 00:00:17]} 42. Rxd8+ {[%clk 00:25:41]} {[%emt
00:00:01]} Bg8 {[%clk 00:40:02]} {[%emt 00:00:12]} 43. Re1 {[%clk 00:25:52]}
{[%emt 00:00:17]} Qf6 {[%clk 00:38:03]} {[%emt 00:02:31]} 44. Ree8 {[%clk
00:23:24]} {[%emt 00:02:58]} h6 {[%clk 00:38:16]} {[%emt 00:00:17]} 45. Rxg8+
{[%clk 00:23:50]} {[%emt 00:00:04]} Kh7 {[%clk 00:38:39]} {[%emt 00:00:06]} 46.
Bh5 {[%clk 00:23:36]} {[%emt 00:00:43]} Qa1+ {[%clk 00:38:05]} {[%emt
00:01:06]} 47. Kg2 {[%clk 00:24:05]} {[%emt 00:00:01]} 1-0

[Event "DEM U14w 2023"]
[Site "Willingen GER"]
[Date "2023.05.30"]
[Round "4"]
[White "Bezsonna, Polina"]
[Black "Haug, Mara"]
[Result "0-1"]
[Termination "normal"]
[Board "3"]
[WhiteElo "1629"]
[BlackElo "1754"]
[WhiteClock "00:23:27"]
[BlackClock "00:18:35"]
[PlyCount "111"]
[WhiteFideId "14191156"]
[BlackFideId "16259300"]
[EventCountry "GER"]
[EventRounds "9"]
[EventType "swiss"]
[EventDate "2023.05.27"]

1. e4 {[%clk 01:30:58]} {[%emt 00:00:01]} c5 {[%clk 01:30:54]} {[%emt
00:00:06]} 2. Nf3 {[%clk 01:31:20]} {[%emt 00:00:08]} Nc6 {[%clk 01:31:16]}
{[%emt 00:00:08]} 3. d4 {[%clk 01:31:43]} {[%emt 00:00:07]} cxd4 {[%clk
01:31:39]} {[%emt 00:00:07]} 4. Nxd4 {[%clk 01:32:08]} {[%emt 00:00:05]} g6
{[%clk 01:32:01]} {[%emt 00:00:07]} 5. Nc3 {[%clk 01:32:14]} {[%emt 00:00:25]}
Bg7 {[%clk 01:32:22]} {[%emt 00:00:09]} 6. Be3 {[%clk 01:32:24]} {[%emt
00:00:21]} Nf6 {[%clk 01:32:34]} {[%emt 00:00:17]} 7. Bc4 {[%clk 01:32:33]}
{[%emt 00:00:21]} Qa5 {[%clk 01:32:52]} {[%emt 00:00:11]} 8. O-O {[%clk
01:28:53]} {[%emt 00:04:11]} O-O {[%clk 01:31:01]} {[%emt 00:02:22]} 9. Bb3
{[%clk 01:28:44]} {[%emt 00:00:39]} d6 {[%clk 01:31:19]} {[%emt 00:00:11]} 10.
h3 {[%clk 01:28:44]} {[%emt 00:00:30]} Bd7 {[%clk 01:31:39]} {[%emt 00:00:10]}
11. Re1 {[%clk 01:28:13]} {[%emt 00:01:01]} Rac8 {[%clk 01:31:43]} {[%emt
00:00:26]} 12. f4 {[%clk 01:20:21]} {[%emt 00:08:22]} Rfe8 {[%clk 01:22:58]}
{[%emt 00:09:15]} 13. Nf3 {[%clk 01:08:27]} {[%emt 00:12:24]} Be6 {[%clk
01:09:27]} {[%emt 00:14:00]} 14. Ng5 {[%clk 00:59:25]} {[%emt 00:09:33]} Bxb3
{[%clk 01:03:56]} {[%emt 00:06:01]} 15. axb3 {[%clk 00:59:24]} {[%emt
00:00:31]} Qd8 {[%clk 01:03:20]} {[%emt 00:01:05]} 16. g4 {[%clk 00:36:48]}
{[%emt 00:23:07]} a6 {[%clk 00:59:00]} {[%emt 00:04:51]} 17. Qe2 {[%clk
00:32:04]} {[%emt 00:05:13]} Nd7 {[%clk 00:55:16]} {[%emt 00:04:13]} 18. Rad1
{[%clk 00:30:21]} {[%emt 00:02:13]} Nb4 {[%clk 00:50:35]} {[%emt 00:05:11]} 19.
Qd2 {[%clk 00:22:46]} {[%emt 00:08:05]} Qc7 {[%clk 00:43:11]} {[%emt 00:07:54]}
20. Nd5 {[%clk 00:19:22]} {[%emt 00:03:55]} Nxd5 {[%clk 00:38:49]} {[%emt
00:04:52]} 21. Qxd5 {[%clk 00:19:31]} {[%emt 00:00:22]} Rf8 {[%clk 00:37:08]}
{[%emt 00:02:10]} 22. c3 {[%clk 00:19:21]} {[%emt 00:00:40]} Qc6 {[%clk
00:34:18]} {[%emt 00:03:19]} 23. e5 {[%clk 00:15:19]} {[%emt 00:04:33]} Nb6
{[%clk 00:31:21]} {[%emt 00:03:27]} 24. Qxc6 {[%clk 00:08:24]} {[%emt
00:07:24]} Rxc6 {[%clk 00:31:49]} {[%emt 00:00:03]} 25. exd6 {[%clk 00:08:36]}
{[%emt 00:00:18]} exd6 {[%clk 00:32:16]} {[%emt 00:00:03]} 26. Rd2 {[%clk
00:06:29]} {[%emt 00:02:37]} Re8 {[%clk 00:31:18]} {[%emt 00:01:28]} 27. Kf1
{[%clk 00:05:54]} {[%emt 00:01:04]} Nd7 {[%clk 00:23:30]} {[%emt 00:08:17]} 28.
Bd4 {[%clk 00:05:08]} {[%emt 00:01:18]} Rxe1+ {[%clk 00:23:37]} {[%emt
00:00:23]} 29. Kxe1 {[%clk 00:05:32]} {[%emt 00:00:06]} Bxd4 {[%clk 00:22:27]}
{[%emt 00:01:39]} 30. Rxd4 {[%clk 00:05:43]} {[%emt 00:00:20]} Nc5 {[%clk
00:20:56]} {[%emt 00:02:01]} 31. Ne4 {[%clk 00:03:13]} {[%emt 00:02:59]} Kf8
{[%clk 00:06:21]} {[%emt 00:15:05]} 32. b4 {[%clk 00:00:47]} {[%emt 00:02:56]}
Nxe4 {[%clk 00:02:57]} {[%emt 00:03:55]} 33. Rxe4 {[%clk 00:01:13]} {[%emt
00:00:04]} Rb6 {[%clk 00:02:30]} {[%emt 00:00:57]} 34. Rd4 {[%clk 00:00:38]}
{[%emt 00:01:05]} Ke7 {[%clk 00:02:49]} {[%emt 00:00:11]} 35. Kd2 {[%clk
00:00:44]} {[%emt 00:00:24]} a5 {[%clk 00:02:03]} {[%emt 00:01:16]} 36. bxa5
{[%clk 00:00:56]} {[%emt 00:00:18]} Rxb2+ {[%clk 00:02:21]} {[%emt 00:00:12]}
37. Kc1 {[%clk 00:01:08]} {[%emt 00:00:18]} Ra2 {[%clk 00:01:07]} {[%emt
00:01:41]} 38. Rd5 {[%clk 00:00:43]} {[%emt 00:00:57]} Kd7 {[%clk 00:01:20]}
{[%emt 00:00:17]} 39. f5 {[%clk 00:00:42]} {[%emt 00:00:31]} Kc6 {[%clk
00:01:09]} {[%emt 00:00:38]} 40. fxg6 {[%clk 00:01:01]} {[%emt 00:00:13]} fxg6
{[%clk 00:00:58]} {[%emt 00:00:42]} 41. Rg5 {[%clk 00:00:50]} {[%emt 00:00:41]}
Rh2 {[%clk 00:00:48]} {[%emt 00:00:39]} 42. c4 {[%clk 00:00:35]} {[%emt
00:00:47]} Rxh3 {[%clk 00:00:39]} {[%emt 00:00:37]} 43. Kc2 {[%clk 00:26:55]}
{[%emt 00:04:10]} Re3 {[%clk 00:26:47]} {[%emt 00:04:20]} 44. Rd5 {[%clk
00:25:37]} {[%emt 00:01:50]} Re4 {[%clk 00:25:18]} {[%emt 00:01:58]} 45. Kc3
{[%clk 00:23:48]} {[%emt 00:02:20]} Rxg4 {[%clk 00:24:29]} {[%emt 00:01:19]}
46. Kb4 {[%clk 00:23:35]} {[%emt 00:00:43]} Rg1 {[%clk 00:22:08]} {[%emt
00:02:51]} 47. Rd2 {[%clk 00:22:55]} {[%emt 00:01:11]} h5 {[%clk 00:21:27]}
{[%emt 00:01:10]} 48. Ra2 {[%clk 00:22:57]} {[%emt 00:00:28]} g5 {[%clk
00:19:22]} {[%emt 00:02:35]} 49. a6 {[%clk 00:23:05]} {[%emt 00:00:23]} bxa6
{[%clk 00:19:19]} {[%emt 00:00:33]} 50. Rxa6+ {[%clk 00:23:27]} {[%emt
00:00:08]} Kc7 {[%clk 00:18:59]} {[%emt 00:00:47]} 51. Kc3 {[%clk 00:22:24]}
{[%emt 00:01:35]} h4 {[%clk 00:18:59]} {[%emt 00:00:30]} 52. Ra2 {[%clk
00:22:39]} {[%emt 00:00:15]} h3 {[%clk 00:18:55]} {[%emt 00:00:34]} 53. Kd3
{[%clk 00:22:57]} {[%emt 00:00:12]} Rg2 {[%clk 00:18:44]} {[%emt 00:00:40]} 54.
Ra1 {[%clk 00:23:10]} {[%emt 00:00:19]} h2 {[%clk 00:18:13]} {[%emt 00:01:00]}
55. Rh1 {[%clk 00:23:27]} {[%emt 00:00:13]} g4 {[%clk 00:18:35]} {[%emt
00:00:08]} 56. Kd4 {[%emt 00:00:43]} 0-1

[Event "DEM U14w 2023"]
[Site "Willingen GER"]
[Date "2023.05.30"]
[Round "4"]
[White "Müller, Cosima"]
[Black "Neumeier, Valentina"]
[Result "1/2-1/2"]
[Termination "normal"]
[Board "4"]
[WhiteElo "1521"]
[BlackElo "1549"]
[WhiteClock "00:29:50"]
[BlackClock "00:24:14"]
[PlyCount "48"]
[WhiteFideId "34601490"]
[BlackFideId "34608222"]
[EventCountry "GER"]
[EventRounds "9"]
[EventType "swiss"]
[EventDate "2023.05.27"]

1. e4 {[%clk 01:30:57]} {[%emt 00:00:02]} e5 {[%clk 01:30:55]} {[%emt
00:00:05]} 2. Nf3 {[%clk 01:31:21]} {[%emt 00:00:06]} Nc6 {[%clk 01:31:20]}
{[%emt 00:00:05]} 3. Bb5 {[%clk 01:31:47]} {[%emt 00:00:05]} a6 {[%clk
01:31:40]} {[%emt 00:00:10]} 4. Ba4 {[%clk 01:32:12]} {[%emt 00:00:05]} b5
{[%clk 01:32:05]} {[%emt 00:00:06]} 5. Bb3 {[%clk 01:32:38]} {[%emt 00:00:03]}
Nf6 {[%clk 01:32:28]} {[%emt 00:00:07]} 6. O-O {[%clk 01:32:55]} {[%emt
00:00:13]} d6 {[%clk 01:32:21]} {[%emt 00:00:37]} 7. Re1 {[%clk 01:33:14]}
{[%emt 00:00:09]} Be7 {[%clk 01:32:34]} {[%emt 00:00:20]} 8. c3 {[%clk
01:33:31]} {[%emt 00:00:12]} O-O {[%clk 01:31:41]} {[%emt 00:01:23]} 9. h3
{[%clk 01:33:51]} {[%emt 00:00:09]} Bb7 {[%clk 01:31:28]} {[%emt 00:00:44]} 10.
d3 {[%clk 01:33:27]} {[%emt 00:00:54]} h6 {[%clk 01:31:27]} {[%emt 00:00:31]}
11. Nbd2 {[%clk 01:33:33]} {[%emt 00:00:23]} Re8 {[%clk 01:30:59]} {[%emt
00:00:58]} 12. Nf1 {[%clk 01:32:48]} {[%emt 00:01:15]} Bf8 {[%clk 01:30:39]}
{[%emt 00:00:51]} 13. Ng3 {[%clk 01:31:41]} {[%emt 00:01:36]} g6 {[%clk
01:27:28]} {[%emt 00:03:42]} 14. Nh2 {[%clk 01:26:39]} {[%emt 00:05:31]} Qd7
{[%clk 01:24:13]} {[%emt 00:03:46]} 15. Qf3 {[%clk 01:25:39]} {[%emt 00:01:28]}
Bg7 {[%clk 01:23:01]} {[%emt 00:01:44]} 16. Bxh6 {[%clk 01:23:27]} {[%emt
00:02:42]} Bxh6 {[%clk 01:15:52]} {[%emt 00:07:38]} 17. Qxf6 {[%clk 01:23:44]}
{[%emt 00:00:14]} Bg7 {[%clk 01:01:37]} {[%emt 00:14:44]} 18. Qf3 {[%clk
01:20:56]} {[%emt 00:03:13]} Nd8 {[%clk 00:55:33]} {[%emt 00:06:40]} 19. Ng4
{[%clk 01:12:43]} {[%emt 00:08:42]} Qe7 {[%clk 00:51:31]} {[%emt 00:04:33]} 20.
Ne3 {[%clk 01:06:16]} {[%emt 00:06:56]} c6 {[%clk 00:44:43]} {[%emt 00:07:19]}
21. Rad1 {[%clk 00:56:26]} {[%emt 00:10:19]} Ne6 {[%clk 00:41:24]} {[%emt
00:03:49]} 22. Rd2 {[%clk 00:47:05]} {[%emt 00:09:51]} Kh7 {[%clk 00:32:58]}
{[%emt 00:08:57]} 23. Red1 {[%clk 00:39:58]} {[%emt 00:07:37]} Rh8 {[%clk
00:28:00]} {[%emt 00:05:28]} 24. Ne2 {[%clk 00:29:50]} {[%emt 00:10:38]} Kg8
{[%clk 00:24:14]} {[%emt 00:04:15]} 1/2-1/2